Living at micro scale : (رقم التسجيلة. 21354)

تفاصيل مارك
000 -الفاتح
حقل البيانات ثابتة الطول 01337cam a2200361 a 4500
001 - رقم الضبط
رقم الضبط 15291571
003 - محدد رقم الضبط
رقم الضبط OSt
005 - وقت وتاريخ اخر تعامل مع التسجيلة
رقم الضبط 20150408114012.0
008 - عناصر البيانات ثابتة الطول - معلومات عامة
حقل البيانات ثابتة الطول 080507s2009 maua b 001 0 eng
010 ## - رقم ضبط مكتبة الكونجرس
رقم ضبط مكتبة الكونجرس 2008020715
015 ## - رقم الببليوجرافية الوطنية
رقم الببليوجرافية الوطنية GBA8D6788
المصدر bnb
016 7# - رقم ضبط الوكاله الوطنية للضبط الببليوجرافي
رقم ضبط التسجيلة 014845192
المصدر Uk
020 ## - الرقم الدولى المعيارى للكتب
الرقم الدولى المعيارى للكتاب 9780674031166 (alk. paper)
020 ## - الرقم الدولى المعيارى للكتب
الرقم الدولى المعيارى للكتاب 0674031164 (alk. paper)
035 ## - رقم ضبط النظام
رقم ضبط النظام (OCoLC)ocn225874255
035 ## - رقم ضبط النظام
رقم ضبط النظام (OCoLC)225874255
040 ## - مصدر الفهرسة
وكالة الفهرسة الأصلية DLC
وكالة النسخ DLC
وكالة التعديل BTCTA
-- BAKER
-- YDXCP
-- UKM
-- C#P
-- BWX
-- CDX
-- IXA
-- MMU
-- DLC
050 00 - رقم طلب مكتبة الكونجرس
رقم التصنيف QR41.2
رقم المادة .D88 2009
082 00 - رقم تصنيف ديوى العشرى
رقم التصنيف 579
رقم الطبعة 22
100 1# - المدخل الرئيسى - إسم شخصى
الإسم الشخصى Dusenbery, David B.
9 (RLIN) 9843
245 10 - بيان العنوان
العنوان Living at micro scale :
بقية العنوان the unexpected physics of being small /
بيان المسئوليه,etc David B. Dusenbery.
260 ## - PUBLICATION, DISTRIBUTION, ETC. (IMPRINT)
مكان الناشر او الموزع Cambridge, Mass. :
اسم الناشر او الموزع Harvard University Press,
تاريخ النشر أو التوزيع 2009.
300 ## - الوصف المادى
التعداد xxx, 416 p. :
تفاصيل ماديه اخرى للوعاء ill. ;
أبعاد الوعاء 25 cm.
504 ## - تبصرة ببليوجرافية
تبصرة ببليوجرافية,الخ Includes bibliographical references (p. 393-406) and index.
650 #0 - المدخل الاضافى بالموضوع-مصطلح موضوعى
مصطلح موضوعي أو اسم جغرافي كعنصر مدخل Microorganisms.
9 (RLIN) 9844
650 #0 - المدخل الاضافى بالموضوع-مصطلح موضوعى
مصطلح موضوعي أو اسم جغرافي كعنصر مدخل Physics.
650 12 - المدخل الاضافى بالموضوع-مصطلح موضوعى
مصطلح موضوعي أو اسم جغرافي كعنصر مدخل Biophysics.
650 12 - المدخل الاضافى بالموضوع-مصطلح موضوعى
مصطلح موضوعي أو اسم جغرافي كعنصر مدخل Microbiology.
650 22 - المدخل الاضافى بالموضوع-مصطلح موضوعى
مصطلح موضوعي أو اسم جغرافي كعنصر مدخل Microbiological Phenomena.
9 (RLIN) 6614
856 41 - الوصول و الموقع الالكترونى
مواد محددة Table of contents only
معرف المصدر الموحد <a href="http://www.loc.gov/catdir/toc/ecip0818/2008020715.html">http://www.loc.gov/catdir/toc/ecip0818/2008020715.html</a>
942 ## - عناصر المدخل الإضافي( كوها)
مصدر التصنيف او مخطط الترفيف Dewey Decimal Classification
Koha [default] item type كتاب
المقتنيات
حالة الفقد نموذج السعر الفعال حالة تلف ليس للاعارة رقم الطلب تاريخ الاكتساب الموقع الحالي الباركود الفرع الرئيسي Date last seen نوع المادة فى نظام كوها مصدر التصنيف او خطة الترفيف Total Checkouts
  2013-03-10     579 D D L 2012-04-10 مكتبة مجمع الطالبات بالمجمعة (EMF) 00076298 مكتبة مجمع الطالبات بالمجمعة (EMF) 2013-03-10 كتاب Dewey Decimal Classification  
  2013-03-10     579 D D L 2012-04-10 مكتبة مجمع الطالبات بالمجمعة (EMF) 00076297 مكتبة مجمع الطالبات بالمجمعة (EMF) 2013-03-10 كتاب Dewey Decimal Classification